Lanean...

Libraries and librarianship in India /

Xehetasun bibliografikoak
Egile nagusia: Patel, Jashu
Beste egile batzuk: Krishan Kumar
Formatua: Printed Book
Hizkuntza:English
Argitaratua: Connecticut: Greenwood Press, 2004.
LEADER 00776nam a2200157Ia 4500
008 121027s9999 xx 000 0 eng d
020 |a 313294232 
082 |b PAT/L 
100 |a Patel, Jashu 
245 |a Libraries and librarianship in India / 
260 |a Connecticut:  |b Greenwood Press,  |c 2004. 
300 |a 270p 
505 |a 1. History of librarianship 2. National libraries 3. Academic libraries 4. Public libraries 5. School libraries 6. Special libraries 7. State of bibliographic control and services 8. Professional organizations 9. Library and Information Science ed 
700 |a Krishan Kumar 
999 |c 54477  |d 54477 
952 |0 0  |1 0  |4 0  |6 020_000000000000000_954_PAT_L  |7 0  |9 54455  |a UL  |b UL  |c ST1  |d 2012-10-27  |l 2  |m 1  |o 020.954, PAT/L  |p 78163  |r 2016-01-05  |s 2015-06-01  |w 2012-10-27  |y BK